Stretnutie s maliarom

Bibliographic Details
Other Authors: Vašina, Ctibor (Interviewer)
Format: Article
Language:Slovak
PhysicalDescription:Obr.
Subjects:

MARC

LEADER 00000nab a2200000 a 4500
001 vtls009003307
003 SK-MaSNL
005 20260303065540.0
008 140424c1976 xo |r|p|||||||000 b|slo
015 |a SNBRB2007/06  |2 snkbucl 
038 |a SNKBUCL 
040 |a SNKBUCL  |b slo  |c SNKBUCL  |e AACR2 
041 |a slo 
044 |a xo  |c SK 
080 |a 75.071.1  |2 1997 
100 1 |a Vašina, Ctibor  |4 ivr  |9 272378 
245 1 0 |a Stretnutie s maliarom  |c Ctibor Vašina 
300 |b Obr. 
600 1 7 |a Víšek, Ján  |2 snkbucl  |9 1065756 
700 1 |a Víšek, Ján  |4 ive  |9 1065756 
773 0 |t Poľovníctvo a rybárstvo  |g Roč. 28, č. 7 (1976), s. 35 a 40 
852 |a SNK  |b KIS3GCP 
958 |a BX 
999 |c 1751657  |d 1753587